000 00933 a2200253 4500
005 20151117112028.0
008 151111s2011 xxud fr|||| 001 0 eng d
020 _a9781935842187
040 _aCO-BoUCM
_bspa
_cSandra Palacio
_dSandra Palacio
041 0 _aeng
100 1 _aSteinemann, Anne C.
_973527
245 1 0 _aMicroeconomics for public decisions
_bfor public decisions
_cAnne C. Steinemann
260 _c2011
_baskmar publishing
_aMenlo Park (California, Estados Unidos)
300 _axix, 426 páginas
_bTablas, gráficos y diagramas
500 _aIncluye índice
650 7 _919488
_aMicroeconomía
650 7 _912607
_aDemanda (Teoría económica)
650 7 _911731
_aConsumo (Economía)
650 7 _aAnálisis de mercadeo
_957841
650 7 _913678
_aEconomía de mercado
690 _942881
_aMicroeconomía
942 _2DEWEY
_a7
_cLIBROREF
_e1
_h338.5
_mS822mi
999 _c301911
_d301911